| 000 | 00513nam a22001817a 4500 | ||
|---|---|---|---|
| 003 | OSt | ||
| 005 | 20180116183028.0 | ||
| 008 | 151216b xxu||||| |||| 00| 0 eng d | ||
| 020 | _a01-507-2011-1 | ||
| 040 | _cLUMS | ||
| 082 | _a174.4 LUM 2011 | ||
| 100 | _aAshraf J | ||
| 245 |
_a6. MANAGEMENT CONTROL CHANGES IN CAA (A) _cAshraf J |
||
| 260 |
_aLahore _bLahore University of Management Sciences _c2011 |
||
| 300 |
_a25 p. _bPapers |
||
| 440 | _a6. MANAGEMENT CONTROL CHANGES IN CAA (A) | ||
| 942 |
_2ddc _cCS |
||
| 999 |
_c350878 _d350878 |
||